Priemyselník svojich zamestnancov osobne odmeňoval, ale aj trestal priamo na pracovisku

Podrobná bibliografia
Hlavný autor: Šimončič, Andrej (Autor)
Médium: Článok
Jazyk:slovenčina
PhysicalDescription:Fotogr.
ISSN:0139-6323
Predmet:
On-line prístup:http://zivot.lesk.cas.sk/clanok/7931/priemyselnik-emil-skoda-zamestnancov-odmenoval-ale-aj-trestal.html

MARC

LEADER 00000nab a2200000 ar4500
001 vtls010130007
003 SK-MaSNL
005 20260305000205.0
008 100908c2010 xo mr|p|||||||000 b|slo
015 |a SNBRB2010/09 
038 |a SNSK 
040 |a SNSK  |b slo  |c SNSK  |e AACR2 
041 |a slo 
044 |a xo  |c SK 
080 |a 62-051  |2 2001 
080 |a 629.331:338.45  |2 2001 
080 |a 929 Škoda, Emil  |2 2001 
100 1 |a Šimončič, Andrej  |4 aut  |9 723509 
245 1 0 |a Priemyselník  |b svojich zamestnancov osobne odmeňoval, ale aj trestal priamo na pracovisku  |c Andrej Šimončič 
300 |b Fotogr. 
600 1 7 |a Škoda, Emil,  |d 1839-1900  |2 snsk  |9 264038 
650 0 7 |a automobilový priemysel  |2 snsk  |9 28623 
650 0 7 |a priemyselníci  |2 snsk  |9 31450 
651 7 |a Česko  |2 snsk  |9 16753 
773 0 |t Život  |g Roč. 60, č. 32 (2010), s. 48-50  |x 0139-6323 
852 |a SNSK  |b KIS3GCP 
856 |u http://zivot.lesk.cas.sk/clanok/7931/priemyselnik-emil-skoda-zamestnancov-odmenoval-ale-aj-trestal.html 
958 |a BC 
958 |a CZ 
999 |c 3212521  |d 3214451